The Wheel of Time (Difficult!) - Statistics

General Stats
  • This quiz has been taken 263 times
    251 since last reset
  • The average score is 16 of 98
Answer Stats
Answer % Correct
The Dark One
72%
Far Dareis Mai
71%
Shaido
68%
Trakand
68%
Shae'en M'taal
67%
Taardad
60%
Sightblinder
47%
Manetheren
43%
Elan Morin Tedronai
42%
Goshien
41%
Mierin Eronaile
41%
Ba'alzamon
39%
Leafblighter
32%
Aethan Dor
29%
Aridhol
29%
Great Lord of the Dark
29%
Duadhe Mahdi'in
27%
Barid Bel Medar
26%
Father of Lies
24%
Jenn Aiel
23%
Sha'mad Conde
23%
Ared Mosinel
22%
Mantear
20%
Miagoma
20%
Dha'vol
19%
Ko'bal
19%
Seia Doon
18%
Tel Janin Aellinsar
18%
Lord of the Grave
17%
Sarand
17%
Far Aldazar Din
16%
Joar Addam Nessosin
16%
Shaarad
16%
Sovin Nai
14%
Eval Ramman
12%
Marne
12%
Old Grim
12%
Reyn
12%
Tomanelle
12%
Daryne
11%
Nakai
11%
Arawn
10%
Caisen Hob
10%
Dhai'mon
10%
Heartsbane
10%
Ishar Morrad Chuain
10%
Kamarile Maradim Nindar
10%
Lilen Moiral
10%
Mera'din
10%
Rahien Sorei
10%
Saine Tarasind
10%
Shepherd of the Night
10%
Taravin
10%
Duram Laddel Cham
9%
Grassburner
9%
Coramanda
8%
Cor Darei
8%
Eharon
8%
Essenia
8%
Father of Storms
8%
Ghar'gheal
8%
Ghob'hlin
8%
Gho'hlem
8%
Hama N'dore
8%
Heartfang
8%
Lord of the Evening
8%
Nemene Damendar Boann
8%
Tain Shari
8%
Traemane
8%
Aelgar
7%
Al'ghol
7%
Aramaelle
7%
Bhan'sheen
7%
Carand
7%
Haevin
7%
Jaramide
7%
Lighteater
7%
Lord of the Twilight
7%
Norwelyn
7%
Renshar
7%
Safer
7%
Anshar
6%
Caeren
6%
Candraed
6%
Chareen
6%
Codarra
6%
Coelan
6%
Dhjin'nen
6%
Ghraem'lan
6%
Northan
6%
Shiande
6%
Soulsbane
6%
Ahf'frait
5%
Almoren
5%
Baryn
5%
Gilyard
5%
Pendar
5%
Kno'mon
4%
No matching quizzes found
Score Distribution
Percent of People with Each Score
Percentile by Number Answered
Your Score History
You have not taken this quiz since the last reset